000 00778nam0a22002531 4500
001 rc\477339
005 20030616172736.7
010 _a5-274-00187-4
_95000
035 _a(NLR Aleph) 005720545
090 _a7474400
_c7474400
100 _a20030616d1988 u |0rusy50 ca
101 0 _arus
102 _aRU
105 _aa |||||||||
200 1 _aЭстетика архитектуры
_eТеорет. пробл. архит. творчества
210 _aМ.
_cСтройиздат
_d1988
215 _a213, [2] с.
_cил.
_d22
320 _aБиблиогр.: с. 209-214 (188 назв.)
700 1 _aМардер
_bА. П.
_gАбрам Павлович
801 0 _aRU
_bNLR
_gpsbo
801 1 _aRU
_bELAR
_2rusmarc
852 _aNLR
_j89-5/1182
942 _cBOOK
980 _aNB